[Event "Marburg op-B"]
[Site "Marburg"]
[Date "2023.10.26"]
[Round "1"]
[White "Stehning, Michel"]
[Black "Hensel, Roman"]
[Result "0-1"]
[WhiteElo "1631"]
[BlackElo "1341"]
[PlyCount "104"]
[EventDate "2023.10.26"]
[EventType "swiss"]
[EventRounds "7"]
[EventCountry "GER"]
[SourceTitle "CB49_2023"]
[SourceDate "2023.12.06"]
[SourceVersion "1"]
[SourceVersionDate "2023.12.06"]
[SourceQuality "1"]

1. d4 d5 2. Bf4 c5 3. e3 Nc6 4. c3 Bf5 5. Bd3 Bxd3 6. Qxd3 e6 7. Nd2 Nf6 8. Ngf3 Nh5 9. Bg3 c4 10. Qc2 Be7 11. e4 dxe4 12. Qxe4 Nf6 13. Qc2 Qd5 14. 0-0 0-0 15. Rad1 Rac8 16. Rfe1 Rfd8 17. Ne5 Nxe5 18. Rxe5 Qc6 19. Rde1 Bd6 20. R5e3 b5 21. Bxd6 Rxd6 22. Nf3 a5 23. Ne5 Qd5 24. Rg3 Nd7 25. Rh3 h6 26. Rg3 Nxe5 27. Rxe5 Qb7 28. Rh5 Kh8 29. Qc1 e5 30. Qg5 f6 31. Qg6 Rd7 32. d5 b4 33. h3 b3 34. a3 Qb6 35. Qf5 Qd6 36. Rg6 Rcc7 37. g4 Qxd5 38. g5 Qd1+ 39. Kh2 Qxh5 40. Qe4 Rd3 41. h4 Rcd7 42. gxf6 Qf3 43. fxg7+ Kg8 44. Qxc4+ Qd5 45. Qg4 Rf3 46. Rxh6 Rxf2+ 47. Kg1 Rxg7 48. Rg6 Rff7 49. Kh2 Qd2+ 50. Kh3 Qe3+ 51. Kh2 Rf2+ 52. Kh1 Qe1+ 0-1

[Event "Rhein Main op-B 25th"]
[Site "Bad Homburg"]
[Date "2023.06.10"]
[Round "5"]
[White "Sasikumar Anitha, Sarvesh"]
[Black "Hensel, Roman"]
[Result "1-0"]
[WhiteElo "1452"]
[BlackElo "847"]
[PlyCount "61"]
[EventDate "2023.06.07"]
[EventType "swiss"]
[EventRounds "7"]
[EventCountry "GER"]
[SourceTitle "CBM 215 Extra"]
[Source "ChessBase"]
[SourceDate "2023.09.30"]
[SourceVersion "1"]
[SourceVersionDate "2023.09.30"]
[SourceQuality "1"]

1. e4 c5 2. Nf3 d6 3. c3 Nf6 4. Be2 g6 5. 0-0 Bg7 6. Re1 0-0 7. Bf1 b6 8. d4 cxd4 9. cxd4 Bb7 10. Nc3 Nfd7 11. Be2 Nc6 12. d5 Nce5 13. Nd2 Nc5 14. Nc4 Nxc4 15. Bxc4 Rc8 16. Bb3 Bxc3 17. bxc3 Nxe4 18. Qd4 Nxc3 19. Bh6 f6 20. Bxf8 Kxf8 21. Re3 Qc7 22. Rae1 Qc5 23. Qh4 Nxd5 24. Bxd5 Qxd5 25. f3 Rc2 26. Qh6+ Kg8 27. Rxe7 Rxg2+ 28. Kh1 Rg1+ 29. Kxg1 Qc5+ 30. Qe3 Bc6 31. Qxc5 1-0